[Event "Benidorm op-A"]
[Site "Benidorm"]
[Date "2024.10.27"]
[Round "1"]
[White "Van der Hagen, Loek"]
[Black "Bascunana Sanchez, Pablo"]
[Result "1-0"]
[WhiteElo "2322"]
[BlackElo "2027"]
[PlyCount "63"]
[EventDate "2024.10.27"]
[EventType "swiss"]
[EventRounds "9"]
[EventCountry "ESP"]
[SourceTitle "CB45_2024"]
[Source "ChessBase"]
[SourceDate "2024.11.06"]
[SourceVersion "1"]
[SourceVersionDate "2024.11.06"]
[SourceQuality "1"]

1. d4 Nf6 2. Bg5 c5 3. d5 g6 4. Nc3 d6 5. e4 Bg7 6. f4 Nbd7 7. Nf3 h6 8. Bh4 Qa5 9. Nd2 Nh5 10. Qf3 Nxf4 11. Nc4 Bxc3+ 12. bxc3 Qa4 13. Bxe7 Nxg2+ 14. Bxg2 Kxe7 15. Nxd6 Kxd6 16. Qxf7 Rf8 17. Qxg6+ Rf6 18. Qg3+ Ne5 19. Qg7 Rf7 20. Qxh6+ Kc7 21. Qg5 Nf3+ 22. Bxf3 Rxf3 23. Qe5+ Kd8 24. Rg1 Qe8 25. Qd6+ Bd7 26. 0-0-0 b6 27. Rdf1 Rf7 28. e5 Kc8 29. Rxf7 Qxf7 30. e6 Bxe6 31. dxe6 Qe8 32. Rg7 1-0

[Event "ESP-chT Rapid"]
[Site "Ubeda"]
[Date "2024.08.25"]
[Round "6.31"]
[White "Bascunana Sanchez, Pablo"]
[Black "Albaina Alvarez, Alvaro Ignacio"]
[Result "1-0"]
[WhiteElo "2068"]
[BlackElo "2048"]
[PlyCount "41"]
[EventDate "2024.08.25"]
[EventType "team-swiss (rapid)"]
[EventRounds "7"]
[EventCountry "ESP"]
[SourceTitle "CBM 221 Extra"]
[Source "ChessBase"]
[SourceDate "2024.09.30"]
[SourceVersion "1"]
[SourceVersionDate "2024.09.30"]
[SourceQuality "1"]
[WhiteTeam "Enric Valor CC"]
[BlackTeam "San Viator"]
[WhiteTeamCountry "ESP"]
[BlackTeamCountry "ESP"]

1. e4 c5 2. Nf3 e6 3. g3 d5 4. exd5 exd5 5. d4 c4 6. Bg2 Nf6 7. 0-0 Be7 8. b3 cxb3 9. axb3 0-0 10. c4 Nc6 11. Nc3 h6 12. Ne5 Be6 13. Be3 a6 14. Qe2 Rc8 15. Rfd1 Qb6 16. cxd5 Qxb3 17. dxc6 Qxc3 18. cxb7 Rb8 19. Rdc1 Qb3 20. Rab1 Qa4 21. Nc6 1-0

[Event "ESP-chT Rapid"]
[Site "Ubeda"]
[Date "2024.08.25"]
[Round "7.27"]
[White "Iglesias Leon, Francisco Javier"]
[Black "Bascunana Sanchez, Pablo"]
[Result "0-1"]
[WhiteElo "2126"]
[BlackElo "2068"]
[PlyCount "166"]
[EventDate "2024.08.25"]
[EventType "team-swiss (rapid)"]
[EventRounds "7"]
[EventCountry "ESP"]
[SourceTitle "CBM 221 Extra"]
[Source "ChessBase"]
[SourceDate "2024.09.30"]
[SourceVersion "1"]
[SourceVersionDate "2024.09.30"]
[SourceQuality "1"]
[WhiteTeam "Gijon 64"]
[BlackTeam "Enric Valor CC"]
[WhiteTeamCountry "ESP"]
[BlackTeamCountry "ESP"]

1. Nf3 Nf6 2. b3 g6 3. Bb2 Bg7 4. g3 0-0 5. Bg2 d6 6. d4 Nbd7 7. 0-0 c5 8. c4 cxd4 9. Nxd4 Nc5 10. Nc3 Rb8 11. Rc1 Bd7 12. Qc2 Ne6 13. e3 a6 14. Rfd1 Nxd4 15. exd4 Qc7 16. Qe2 Rbc8 17. c5 dxc5 18. Qxe7 cxd4 19. Ne4 Qd8 20. Nxf6+ Bxf6 21. Qxd8 Rfxd8 22. Bxb7 Rxc1 23. Rxc1 Bb5 24. a4 Be2 25. Ra1 Bg7 26. f4 d3 27. Bxg7 d2 28. Bf6 d1Q+ 29. Rxd1 Rxd1+ 30. Kf2 Bd3 31. Ke3 Rb1 32. Bd5 Bc2 33. Bc4 Bxb3 34. Bxa6 Bxa4 35. Bc4 Rh1 36. h4 Rh2 37. Be2 Bd7 38. g4 Rg2 39. Bf3 Rg1 40. Kf2 Rb1 41. h5 gxh5 42. gxh5 Rb6 43. Bd4 Rb4 44. Be5 Bf5 45. h6 Rb6 46. Bg7 Be6 47. Be4 f5 48. Bd3 Kf7 49. Bd4 Rd6 50. Ke3 Bc8 51. Bg7 Kg6 52. Bb5 Re6+ 53. Kf2 Re4 54. Kg3 Kf7 55. Bc6 Rb4 56. Be5 Be6 57. Kh4 Rb3 58. Ba4 Rb1 59. Bc6 Rg1 60. Bb5 Kg6 61. Be8+ Kxh6 62. Kh3 Rg8 63. Bb5 Kg6 64. Kh4 Bf7 65. Be2 Bd5 66. Bh5+ Kh6 67. Bd1 Ra8 68. Bc2 Be6 69. Bd3 Ra3 70. Bc2 Re3 71. Bd1 Re1 72. Bc2 Kg6 73. Ba4 Bf7 74. Bd7 h5 75. Bc8 Rg1 76. Bd7 Rg4+ 77. Kh3 h4 78. Bc8 Bg8 79. Bd7 Bh7 80. Be8+ Kh6 81. Bd7 Bg6 82. Be6 Kh5 83. Bb3 Rg3+ 0-1

[Event "ESP-chT Rapid"]
[Site "Ubeda"]
[Date "2024.08.25"]
[Round "1.19"]
[White "Lorenzo de la Riva, Lazaro"]
[Black "Bascunana Sanchez, Pablo"]
[Result "1-0"]
[WhiteElo "2419"]
[BlackElo "2068"]
[PlyCount "103"]
[EventDate "2024.08.25"]
[EventType "team-swiss (rapid)"]
[EventRounds "7"]
[EventCountry "ESP"]
[SourceTitle "CBM 221 Extra"]
[Source "ChessBase"]
[SourceDate "2024.09.30"]
[SourceVersion "1"]
[SourceVersionDate "2024.09.30"]
[SourceQuality "1"]
[WhiteTeam "Barbera"]
[BlackTeam "Enric Valor CC"]
[WhiteTeamCountry "ESP"]
[BlackTeamCountry "ESP"]

1. e4 c5 2. Nc3 Nc6 3. Bb5 Nd4 4. a4 g6 5. d3 Bg7 6. Nge2 e6 7. h4 h5 8. Bg5 Ne7 9. Qd2 a6 10. Bc4 Qa5 11. Nxd4 Bxd4 12. 0-0 Nc6 13. Qc1 d6 14. Ne2 Bg7 15. c3 Ne5 16. Qe3 0-0 17. Ba2 Re8 18. Qg3 Qc7 19. Bf4 Rd8 20. a5 b6 21. axb6 Qxb6 22. Rab1 a5 23. Rfd1 Ba6 24. Kh1 Ra7 25. Ng1 Rad7 26. Rd2 Nc6 27. Re1 a4 28. Rc1 Na5 29. Nf3 Nb3 30. Bxb3 Qxb3 31. d4 a3 32. bxa3 Qxa3 33. Rdd1 cxd4 34. Ra1 Qxc3 35. Rxa6 e5 36. Bg5 Rb8 37. Raa1 Qc6 38. Nd2 f6 39. Bxf6 Bxf6 40. Qxg6+ Bg7 41. Rac1 Qb7 42. Nf3 Rf7 43. Ng5 Rf6 44. Qh7+ Kf8 45. Qxh5 Rh6 46. Qg4 Qe7 47. Rd3 Kg8 48. Rg3 Rf8 49. Rc8 Rxh4+ 50. Qxh4 Rxc8 51. Qh7+ Kf8 52. Qf5+ 1-0

[Event "ESP-chT CECLUB Div2"]
[Site "Linares"]
[Date "2024.08.13"]
[Round "4.24"]
[White "Sismeiro, Miguel"]
[Black "Bascunana Sanchez, Pablo"]
[Result "1-0"]
[WhiteElo "2250"]
[BlackElo "2068"]
[PlyCount "112"]
[EventDate "2024.08.11"]
[EventType "team-swiss"]
[EventRounds "7"]
[EventCountry "ESP"]
[SourceTitle "CBM 221 Extra"]
[Source "ChessBase"]
[SourceDate "2024.09.30"]
[SourceVersion "1"]
[SourceVersionDate "2024.09.30"]
[SourceQuality "1"]
[WhiteTeam "Ciudad de Huelva"]
[BlackTeam "Enric Valor"]
[WhiteTeamCountry "ESP"]
[BlackTeamCountry "ESP"]

1. e4 c5 2. Nf3 g6 3. Bc4 Nc6 4. c3 e6 5. d4 cxd4 6. Nxd4 Nge7 7. Nb5 Bg7 8. Nd6+ Kf8 9. 0-0 Na5 10. Be2 b6 11. Na3 Nb7 12. Nac4 Nxd6 13. Nxd6 Qc7 14. Bf4 e5 15. Bg3 g5 16. Bc4 f6 17. Bxe5 Bb7 18. Bg3 Bxe4 19. Re1 f5 20. f3 f4 21. fxe4 Be5 22. Qh5 Ng6 23. Qh6+ Bg7 24. Qxg5 Qxd6 25. Rf1 Be5 26. Kh1 Kg7 27. Rad1 Qc7 28. Bb3 Rhf8 29. Bf2 Rae8 30. h4 h5 31. Qxh5 d6 32. Qg4 Rh8 33. Rd3 Bf6 34. Rh3 Re5 35. Bd4 Reh5 36. Rxf4 Bxd4 37. Rf7+ Qxf7 38. Bxf7 Kxf7 39. cxd4 Rxh4 40. Qf5+ Kg7 41. Qd7+ Kg8 42. Qxd6 Rxh3+ 43. gxh3 Rxh3+ 44. Kg2 Rh6 45. Qb8+ Nf8 46. d5 Rg6+ 47. Kf2 Rf6+ 48. Ke3 Rf7 49. e5 Re7 50. e6 Kg7 51. Qe5+ Kg8 52. Qg5+ Rg7 53. Qd8 Rg3+ 54. Kf2 Rg6 55. e7 Rf6+ 56. Ke1 Rf7 1-0

[Event "ESP-ch U14"]
[Site "Salobrena"]
[Date "2024.07.20"]
[Round "9"]
[White "Gomez Falagan, Hugo"]
[Black "Bascunana Sanchez, Pablo"]
[Result "1-0"]
[WhiteElo "1876"]
[BlackElo "2092"]
[PlyCount "161"]
[EventDate "2024.07.15"]
[EventType "swiss"]
[EventRounds "9"]
[EventCountry "ESP"]
[SourceTitle "EXT 2025"]
[Source "ChessBase"]
[SourceDate "2024.10.14"]
[SourceVersion "1"]
[SourceVersionDate "2024.10.14"]
[SourceQuality "1"]

1. e4 c5 2. Be2 Nf6 3. e5 Nd5 4. d4 cxd4 5. Qxd4 e6 6. Nf3 Nc6 7. Qd1 d6 8. exd6 Bxd6 9. 0-0 0-0 10. c4 Nf6 11. Bg5 Qc7 12. Nc3 a6 13. Qc1 Be7 14. Rd1 Rd8 15. Rxd8+ Nxd8 16. Qd2 Nc6 17. Rd1 Kf8 18. Bf4 Qa5 19. Nd4 Bd7 20. Nb3 Qb4 21. c5 a5 22. Bd6 a4 23. Nc1 Be8 24. Nd3 Qa5 25. Ne5 Nxe5 26. Bxe7+ Kg8 27. Qg5 Nfd7 28. Ne4 Ng6 29. Bd6 Qb4 30. Bf3 Qxb2 31. a3 Nde5 32. Bxe5 Qxe5 33. Qxe5 Nxe5 34. Be2 Bc6 35. Nd6 g5 36. f3 Kg7 37. Rb1 Nd7 38. Rc1 h6 39. Nxb7 Bxb7 40. c6 Bc8 41. cxd7 Bxd7 42. Rd1 Be8 43. Rd4 Kf6 44. Bd1 Ke7 45. Kf2 Ra5 46. Rb4 Rb5 47. Rc4 Ra5 48. Kg3 Ra8 49. Kf2 Kd6 50. g3 Kd5 51. Rb4 Ra5 52. h4 Rb5 53. Re4 Rb2+ 54. Kf1 Bb5+ 55. Ke1 f5 56. Re3 gxh4 57. gxh4 Rh2 58. f4 Kd6 59. h5 Rh4 60. Re5 Bc6 61. Re3 Rxf4 62. Rg3 Rh4 63. Rg6 Rh1+ 64. Kd2 Rh3 65. Rxh6 Rxa3 66. Rh8 Rh3 67. h6 a3 68. Kc1 Bd7 69. h7 f4 70. Kb1 e5 71. Bc2 f3 72. Rf8 Bc6 73. h8Q Rxh8 74. Rxh8 Kc5 75. Ka2 e4 76. Rc8 e3 77. Rxc6+ Kd4 78. Rd6+ Kc5 79. Re6 e2 80. Bd3 Kd5 81. Re8 1-0

[Event "Alicante op 4th"]
[Site "Alicante"]
[Date "2024.06.01"]
[Round "4"]
[White "Pena Duarte, Fabian Dario"]
[Black "Bascunana Sanchez, Pablo"]
[Result "0-1"]
[WhiteElo "2242"]
[BlackElo "1984"]
[PlyCount "72"]
[EventDate "2024.05.31"]
[EventType "swiss"]
[EventRounds "7"]
[EventCountry "ESP"]
[SourceTitle "CBM 220 Extra"]
[Source "ChessBase"]
[SourceDate "2024.07.31"]
[SourceVersion "1"]
[SourceVersionDate "2024.07.31"]
[SourceQuality "1"]

1. d4 Nf6 2. Nf3 g6 3. Bf4 Bg7 4. e3 d6 5. h3 0-0 6. Be2 b6 7. 0-0 Bb7 8. a4 a5 9. Na3 Nbd7 10. Bh2 Ne4 11. c3 f5 12. Bc4+ Kh8 13. Be6 Rf6 14. Ba2 e6 15. Nd2 Nxd2 16. Qxd2 g5 17. Nb5 Rg6 18. Qe2 Rc8 19. Bg3 Qe7 20. f3 Nf6 21. Bb1 Rh6 22. e4 f4 23. Bf2 Nh5 24. Rd1 Rf8 25. Bd3 g4 26. fxg4 f3 27. Qd2 Nf4 28. Be3 e5 29. d5 Qh4 30. Bxf4 Rxf4 31. Qf2 Rxg4 32. Qxf3 Rg3 33. Qf5 Rf6 34. Qd7 Rxg2+ 35. Kxg2 Rf2+ 36. Kh1 Qg3 0-1

[Event "La Nucia op 4th"]
[Site "La Nucia"]
[Date "2023.10.07"]
[Round "1"]
[White "Bascunana Sanchez, Pablo"]
[Black "Ceres, Dragos"]
[Result "0-1"]
[WhiteElo "1961"]
[BlackElo "2446"]
[PlyCount "92"]
[EventDate "2023.10.07"]
[EventType "swiss"]
[EventRounds "9"]
[EventCountry "ESP"]
[SourceTitle "EXT 2025"]
[Source "ChessBase"]
[SourceDate "2024.10.14"]
[SourceVersion "1"]
[SourceVersionDate "2024.10.14"]
[SourceQuality "1"]

1. e4 c5 2. Nf3 d6 3. Bb5+ Bd7 4. Bxd7+ Nxd7 5. c4 Ne5 6. Qe2 Nf6 7. Nc3 e6 8. 0-0 Be7 9. Rd1 Qb6 10. b3 Nfd7 11. Bb2 Nxf3+ 12. Qxf3 Ne5 13. Qe2 0-0 14. d4 cxd4 15. Na4 Qa5 16. Rxd4 Rac8 17. Rad1 a6 18. Bc3 Qc7 19. Qd2 b5 20. Nb2 Qb7 21. Qe2 bxc4 22. Nxc4 Qb5 23. Kf1 Nxc4 24. bxc4 Qc5 25. Bb2 e5 26. Rd5 Qxc4 27. Ba3 Qxe2+ 28. Kxe2 Rc4 29. f3 Ra4 30. R5d3 Rc8 31. R1d2 h5 32. Bxd6 Bg5 33. Bxe5 Bxd2 34. Rxd2 f6 35. Bd6 Rac4 36. a3 Rc2 37. Bb4 Rxd2+ 38. Kxd2 Kf7 39. g3 Ke6 40. Bc3 g5 41. Kd3 Rd8+ 42. Ke2 Rb8 43. Bb4 Rb5 44. Kf2 a5 45. Bc3 a4 46. Bb4 Rxb4 0-1

[Event "ESP-ch U14 rapid"]
[Site "Salobrena"]
[Date "2023.07.23"]
[Round "9"]
[White "Bascunana Sanchez, Pablo"]
[Black "Camps Abadia, Arnau"]
[Result "1-0"]
[WhiteElo "1680"]
[BlackElo "1825"]
[PlyCount "81"]
[EventDate "2023.07.22"]
[EventType "swiss (rapid)"]
[EventRounds "9"]
[EventCountry "ESP"]
[SourceTitle "EXT 2024"]
[Source "ChessBase"]
[SourceDate "2023.10.10"]
[SourceVersion "1"]
[SourceVersionDate "2023.10.10"]
[SourceQuality "1"]

1. e4 c5 2. Nf3 Nc6 3. Bb5 a6 4. Bxc6 dxc6 5. d3 Qc7 6. h3 e5 7. 0-0 Ne7 8. Be3 b6 9. Nc3 Ng6 10. Ne2 Be7 11. Nh2 Nf4 12. Nxf4 exf4 13. Bd2 Be6 14. Qf3 g5 15. Rfe1 h5 16. a4 a5 17. Rad1 0-0-0 18. Bc3 Rh7 19. d4 cxd4 20. Bxd4 Rg8 21. Qd3 Kb7 22. e5 Rh6 23. Kf1 g4 24. Rd2 Rhg6 25. Ke2 g3 26. Nf3 gxf2 27. Bxf2 Rxg2 28. Nd4 Bd5 29. Kd1 h4 30. Nf5 Rd8 31. Nxe7 Bf3+ 32. Qxf3 Rxd2+ 33. Kxd2 Qxe7 34. Qxg2 Qb4+ 35. Kc1 Qxa4 36. Qe4 Qa1+ 37. Kd2 Qxb2 38. Qxf4 b5 39. Qxf7+ Kc8 40. Qe8+ Kb7 41. Qd7+ 1-0

[Event "ESP-ch U12 Rapid"]
[Site "Salobrena"]
[Date "2022.07.17"]
[Round "7"]
[White "Diaz Reyes, Iker"]
[Black "Bascunana Sanchez, Pablo"]
[Result "1-0"]
[WhiteElo "1161"]
[BlackElo "1643"]
[PlyCount "83"]
[EventDate "2022.07.09"]
[EventType "swiss (rapid)"]
[EventRounds "9"]
[EventCountry "ESP"]
[SourceTitle "EXT 2023"]
[Source "ChessBase"]
[SourceDate "2022.10.05"]
[SourceVersion "1"]
[SourceVersionDate "2022.10.05"]
[SourceQuality "1"]

1. e4 c5 2. Nf3 Nc6 3. d4 cxd4 4. Nxd4 g6 5. c4 Nf6 6. Nc3 d6 7. Be2 Nxd4 8. Qxd4 Bg7 9. Be3 0-0 10. Qd3 Be6 11. 0-0 Qa5 12. f4 Rfc8 13. b3 Ne8 14. Bd4 Nc7 15. Bxg7 Kxg7 16. f5 Bd7 17. Qg3 Qc5+ 18. Kh1 b5 19. Rf3 Rf8 20. Raf1 b4 21. Nd5 Nxd5 22. exd5 a5 23. Rf4 Qc8 24. f6+ exf6 25. Rxf6 a4 26. Rxd6 Qe8 27. Bd3 axb3 28. axb3 Ra3 29. Re1 Qc8 30. Bc2 Re8 31. Rxe8 Qxe8 32. h3 Ba4 33. c5 Qe2 34. Bd3 Qd1+ 35. Kh2 Rxb3 36. Qe5+ Kh6 37. Bf5 Rc3 38. c6 Rc5 39. Qf4+ Kg7 40. Be6 f6 41. Rd7+ Kf8 42. Qxf6+ 1-0

[Event "ESP-ch U12"]
[Site "Salobrena"]
[Date "2022.07.12"]
[Round "3"]
[White "Bascunana Sanchez, Pablo"]
[Black "Clemente Grande, Daniel"]
[Result "0-1"]
[WhiteElo "1782"]
[BlackElo "1524"]
[PlyCount "150"]
[EventDate "2022.07.04"]
[EventType "swiss"]
[EventRounds "9"]
[EventCountry "ESP"]
[SourceTitle "EXT 2023"]
[Source "ChessBase"]
[SourceDate "2022.10.05"]
[SourceVersion "1"]
[SourceVersionDate "2022.10.05"]
[SourceQuality "1"]

1. e4 e6 2. d4 d5 3. Bd3 dxe4 4. Bxe4 Nf6 5. Bf3 c5 6. dxc5 Qxd1+ 7. Bxd1 Bxc5 8. Bf3 Nc6 9. Bf4 Nd4 10. Bd1 Nd5 11. Be5 f6 12. Bxd4 Bxd4 13. c3 Bb6 14. Ba4+ Kf7 15. Ne2 Rd8 16. Nd2 Bxf2+ 17. Kxf2 Nb6 18. Rhd1 Nxa4 19. Nc4 Rxd1 20. Rxd1 Ke7 21. b3 Nb6 22. Nd6 Nd5 23. Ne4 Bd7 24. c4 Nc7 25. Nc5 Bc6 26. Nd4 Rd8 27. b4 Ke8 28. b5 b6 29. Ncb3 Ba8 30. Re1 Kf7 31. g3 e5 32. Nc2 Ne6 33. Ne3 Nd4 34. Rd1 Ne6 35. Rxd8 Nxd8 36. c5 bxc5 37. Nxc5 Ne6 38. Nb3 Ke7 39. a4 g6 40. a5 f5 41. b6 axb6 42. axb6 Kd7 43. Na5 Nc5 44. Nec4 Ke6 45. Na3 Kd5 46. Nb5 Ne4+ 47. Ke3 Kc5 48. Nc7 Kxb6 49. Nxa8+ Kxa5 50. Nc7 Kb6 51. Ne6 Kc6 52. Nd8+ Kd5 53. Nf7 Nf6 54. h3 Ne4 55. Kf3 Ke6 56. Nd8+ Ke7 57. Nc6+ Kd6 58. Nb4 Kc5 59. Nc2 Kc4 60. h4 Kc3 61. Ne1 Nd2+ 62. Ke2 f4 63. gxf4 exf4 64. Kf2 h6 65. Ng2 g5 66. hxg5 hxg5 67. Ne1 g4 68. Ng2 g3+ 69. Kg1 f3 70. Ne3 Kd3 71. Ng4 Ke4 72. Nf6+ Kf5 73. Nd5 f2+ 74. Kg2 f1Q+ 75. Kxg3 Qf3+ 0-1

[Event "ESP-ch U12"]
[Site "Salobrena"]
[Date "2022.07.11"]
[Round "1"]
[White "Bascunana Sanchez, Pablo"]
[Black "Munoz Correa, Ariadna"]
[Result "1-0"]
[WhiteElo "1782"]
[BlackElo "1243"]
[PlyCount "115"]
[EventDate "2022.07.04"]
[EventType "swiss"]
[EventRounds "9"]
[EventCountry "ESP"]
[SourceTitle "EXT 2023"]
[Source "ChessBase"]
[SourceDate "2022.10.05"]
[SourceVersion "1"]
[SourceVersionDate "2022.10.05"]
[SourceQuality "1"]

1. e4 e5 2. Nf3 Nc6 3. Bb5 a6 4. Bxc6 dxc6 5. 0-0 Bg4 6. h3 h5 7. d3 Be7 8. Nbd2 Bd6 9. Re1 Ne7 10. hxg4 hxg4 11. Nh2 g3 12. fxg3 Bc5+ 13. Kh1 Qd6 14. Ndf3 Bf2 15. Rf1 Bxg3 16. Be3 f5 17. Bf2 f4 18. Kg1 Qh6 19. Bxg3 fxg3 20. Qd2 Qxd2 21. Nxd2 Rxh2 22. Rf3 0-0-0 23. Rxg3 Rdh8 24. Rf1 Rh1+ 25. Kf2 Rxf1+ 26. Nxf1 Rf8+ 27. Ke2 Rg8 28. Rg5 Kd7 29. Rxe5 g6 30. Rg5 b5 31. Ne3 Kd6 32. d4 a5 33. Nd1 Ke6 34. Nf2 Kf6 35. Re5 Rd8 36. Ke3 Nc8 37. Rc5 Ne7 38. Nd3 g5 39. Ne5 Rd6 40. Nf3 g4 41. e5+ Ke6 42. exd6 cxd6 43. Ng5+ Kf6 44. Ne4+ Ke6 45. Rg5 d5 46. Nc5+ Kf6 47. Rxg4 Nf5+ 48. Kd3 Nh6 49. Rf4+ Kg6 50. Rf8 Ng4 51. Rc8 Nf2+ 52. Ke2 Ng4 53. Rxc6+ Kf5 54. Rd6 b4 55. Rxd5+ Kf4 56. g3+ Kxg3 57. Rg5 Kh4 58. Rxg4+ 1-0

[Event "Alicante IRT op 15th"]
[Site "Alicante"]
[Date "2021.09.24"]
[Round "1"]
[White "Bascunana Sanchez, Pablo"]
[Black "Jordan Martinez, David"]
[Result "0-1"]
[WhiteElo "1755"]
[BlackElo "2157"]
[PlyCount "96"]
[EventDate "2021.09.24"]
[EventType "swiss"]
[EventRounds "7"]
[EventCountry "ESP"]
[SourceTitle "CBM 204 Extra"]
[Source "ChessBase"]
[SourceDate "2021.11.30"]
[SourceVersion "1"]
[SourceVersionDate "2021.11.30"]
[SourceQuality "1"]

1. e4 c5 2. Nf3 a6 3. d4 cxd4 4. Nxd4 Nf6 5. Bd3 e5 6. Ne2 d5 7. exd5 Qxd5 8. 0-0 Be7 9. Nbc3 Qd8 10. h3 0-0 11. Be3 Be6 12. Ng3 g6 13. Qe2 Qc7 14. Rad1 Nbd7 15. Nge4 Nxe4 16. Bxe4 Nb6 17. Nd5 Bxd5 18. Bxd5 Rac8 19. Bxb6 Qxb6 20. Bb3 Qc7 21. Rd5 Bf6 22. Qf3 Kg7 23. Rfd1 Rfd8 24. Rxd8 Rxd8 25. Rxd8 Bxd8 26. Qd5 Bg5 27. Qd1 Be7 28. Qd5 Bc5 29. Qd2 b5 30. Qd3 Qb6 31. Qf3 Qc7 32. Qd3 Qa7 33. Qe2 Qe7 34. Bd5 Qg5 35. c3 Qc1+ 36. Kh2 Qf4+ 37. Kg1 f5 38. Bb3 e4 39. Bd5 e3 40. fxe3 Bxe3+ 41. Kh1 Bc5 42. Qd1 Kh6 43. Bb7 Bd6 44. Kg1 Qh2+ 45. Kf1 Bc5 46. Qd2+ f4 47. Qd1 Qg1+ 48. Ke2 Qe3+ 0-1

[Event "ESP-ch U12"]
[Site "Salobrena"]
[Date "2021.07.10"]
[Round "9"]
[White "Bethencourt Hernandez, Alberto"]
[Black "Bascunana Sanchez, Pablo"]
[Result "1/2-1/2"]
[WhiteElo "1586"]
[BlackElo "1697"]
[PlyCount "112"]
[EventDate "2021.07.05"]
[EventType "swiss"]
[EventRounds "9"]
[EventCountry "ESP"]
[SourceTitle "EXT 2022"]
[Source "ChessBase"]
[SourceDate "2021.10.06"]
[SourceVersion "1"]
[SourceVersionDate "2021.10.06"]
[SourceQuality "1"]

1. e4 c5 2. Nf3 g6 3. d4 cxd4 4. Qxd4 Nf6 5. Nc3 Nc6 6. Qa4 Bg7 7. e5 Ng8 8. Bf4 f6 9. exf6 Nxf6 10. 0-0-0 0-0 11. Bc4+ Kh8 12. Bg3 a6 13. Bb3 b6 14. Kb1 Bb7 15. Ng5 b5 16. Qh4 Qe8 17. Nd5 Nh5 18. Nc7 Qc8 19. Nxa8 Qxa8 20. Nf7+ Kg8 21. Nd8+ Kh8 22. Nxb7 Qxb7 23. Qe4 a5 24. Bd5 Nf6 25. Bxc6 dxc6 26. Qe2 Nd5 27. Be5 Nf6 28. g4 Qa7 29. f3 Qc5 30. Rhe1 Nd5 31. Bxg7+ Kxg7 32. h4 Qb4 33. Ka1 a4 34. Rxd5 cxd5 35. Qxe7+ Qxe7 36. Rxe7+ Kg8 37. Re3 d4 38. Rd3 Re8 39. a3 Rc8 40. Kb1 Rf8 41. Kc1 Rf4 42. Kd2 h5 43. c3 dxc3+ 44. Kxc3 Rc4+ 45. Kd2 hxg4 46. fxg4 Rxg4 47. Rd5 b4 48. Rg5 Rxh4 49. Rxg6+ Kf7 50. Ra6 bxa3 51. bxa3 Ke7 52. Kc3 Kd7 53. Rb6 Kc7 54. Rg6 Rf4 55. Rh6 Rg4 56. Rf6 Rh4 1/2-1/2

[Event "ESP-ch U12"]
[Site "Salobrena"]
[Date "2021.07.09"]
[Round "7"]
[White "Lazaro Del Arco, Martina"]
[Black "Bascunana Sanchez, Pablo"]
[Result "0-1"]
[WhiteElo "1486"]
[BlackElo "1697"]
[PlyCount "90"]
[EventDate "2021.07.05"]
[EventType "swiss"]
[EventRounds "9"]
[EventCountry "ESP"]
[SourceTitle "EXT 2022"]
[Source "ChessBase"]
[SourceDate "2021.10.06"]
[SourceVersion "1"]
[SourceVersionDate "2021.10.06"]
[SourceQuality "1"]

1. e4 c5 2. Nc3 Nc6 3. Bc4 g6 4. a3 Bg7 5. d3 a6 6. h4 h5 7. Nge2 e6 8. Bg5 Nge7 9. Qd2 Qc7 10. Ba2 b6 11. Rd1 Bb7 12. Qc1 Rc8 13. Qd2 Nd4 14. Rc1 Nec6 15. Qf4 Be5 16. Qd2 Bg7 17. Qf4 Qxf4 18. Bxf4 Nxe2 19. Kxe2 Ke7 20. Rb1 Nd4+ 21. Kd2 b5 22. f3 Ba8 23. Ne2 Rc6 24. Ng3 Rb6 25. c3 Nc6 26. Kc2 Rc8 27. Be3 Nd8 28. b4 d6 29. bxc5 dxc5 30. a4 Rbb8 31. axb5 axb5 32. Bf4 Rb7 33. Rb3 b4 34. Rhb1 Ra7 35. Ra1 Bxc3 36. Rxc3 bxc3 37. Kxc3 Rc6 38. Be3 Nb7 39. Kb2 Rca6 40. Ne2 Kd6 41. Nc3 Ra5 42. f4 Nd8 43. Kb3 Nc6 44. Kc4 Rb7 45. Rd1 Rb4# 0-1